Analýza deformácií podložia pri veľkej intenzite zaťaženia

Gespeichert in:
Bibliographische Detailangaben
1. Verfasser: Hromada, Martin (Verfasst von)
Weitere Verfasser: Hruštinec, Ľuboš (Betreuung Doktorarbeit)
Format: Manuskript Buch
Sprache:Slowakisch
Veröffentlicht: 2015
Schlagworte:
Online-Zugang:http://is.stuba.sk/zp/portal_zp.pl?podrobnosti=94078
Tags: Tag hinzufügen
Keine Tags, Fügen Sie das erste Tag hinzu!

MARC

LEADER 00000ntm a22000003a 4500
001 stuzp29308
003 SK-STU
005 20160719152920.6
007 ta
008 150427s2015----xo-----f-mn---000-0-slo-d
040 |a STU  |b slo 
041 0 |a slo 
100 1 |a Hromada, Martin  |u 010150  |4 aut  |U SvF Stavebná fakulta  |T SvF Katedra geotechniky  |X 39280  |U V150  |Y 15  |7 A000039280 
242 0 1 |a Subsoil deformation analysis at high intensity load  |y eng 
245 1 0 |a Analýza deformácií podložia pri veľkej intenzite zaťaženia 
260 |c 2015 
650 4 |a Deformačné a pevnostné charakteristiky zemín  |2 slo 
650 4 |a elasticita  |2 slo 
650 4 |a interakcia stavebnej konštrukcie a podložia  |2 slo 
650 4 |a konsolidácia podložia  |2 slo 
650 4 |a plasticita  |2 slo 
650 4 |a sadanie  |2 slo 
650 4 |a stabilita  |2 slo 
650 4 |a subsoil consolidation  |2 eng 
650 4 |a plasticity  |2 eng 
650 4 |a settlement  |2 eng 
650 4 |a stability  |2 eng 
650 4 |a Deformation and strength characteristics of soils  |2 eng 
650 4 |a elasticity  |2 eng 
650 4 |a soil structure interaction  |2 eng 
700 1 |a Hruštinec, Ľuboš  |4 ths  |X 913  |7 A000000913 
856 4 |u http://is.stuba.sk/zp/portal_zp.pl?podrobnosti=94078 
996 |b 284V041300  |c V* 3265/DP-1195  |l VVS  |s P  |a 0  |w stuzp29308_0001 
SQL |a stuzp29308  |b DDZ  |c SLO  |d Analýza deformácií podložia pri veľkej intenzite zaťaženia  |e 39280  |f Hromada, Martin  |g 010150  |h 913  |i Hruštinec, Ľuboš  |j 20151210  |k 675  |l 01  |m http://is.stuba.sk/zp/portal_zp.pl?podrobnosti=94078  |n D-TKeIS4  |o 5.1.5. inžinierske konštrukcie a dopravné stavby